LEADER 01764oam 2200469M 450 001 9910716294803321 005 20200213070957.8 035 $a(CKB)5470000002519173 035 $a(OCoLC)1065630230 035 $a(OCoLC)995470000002519173 035 $a(EXLCZ)995470000002519173 100 $a20071213d1926 ua 0 101 0 $aeng 135 $aurcn||||||||| 181 $ctxt$2rdacontent 182 $cc$2rdamedia 183 $acr$2rdacarrier 200 10$aConsideration of H.R. 11284 -- to provide for an aircraft procurement board. June 9, 1926. -- Referred to the House Calendar and ordered to be printed 210 1$a[Washington, D.C.] :$c[U.S. Government Printing Office],$d1926. 215 $a1 online resource (1 pages) 225 1 $aHouse report / 69th Congress, 1st session. House ;$vno. 1421 225 1 $a[United States congressional serial set] ;$v[serial no. 8537] 300 $aBatch processed record: Metadata reviewed, not verified. Some fields updated by batch processes. 300 $aFDLP item number not assigned. 606 $aAdvisory boards 606 $aAirplanes 606 $aAircraft accidents 606 $aGovernment purchasing 608 $aLegislative materials.$2lcgft 615 0$aAdvisory boards. 615 0$aAirplanes. 615 0$aAircraft accidents. 615 0$aGovernment purchasing. 701 $aSnell$b Bertrand Hollis$f1870-1958$pRepublican (NY)$01388514 801 0$bWYU 801 1$bWYU 801 2$bOCLCO 801 2$bOCLCQ 906 $aBOOK 912 $a9910716294803321 996 $aConsideration of H.R. 11284 -- to provide for an aircraft procurement board. June 9, 1926. -- Referred to the House Calendar and ordered to be printed$93524100 997 $aUNINA LEADER 03444nam 2200601 450 001 9910794996903321 005 20230809234132.0 010 $a3-11-054971-9 010 $a3-11-055049-0 024 7 $a10.1515/9783110550498 035 $a(CKB)4340000000194632 035 $a(MiAaPQ)EBC4947065 035 $a(DE-B1597)482498 035 $a(OCoLC)1002255869 035 $a(DE-B1597)9783110550498 035 $a(Au-PeEL)EBL4947065 035 $a(CaPaEBR)ebr11423807 035 $a(OCoLC)1001368645 035 $a(EXLCZ)994340000000194632 100 $a20170905h20172017 uy 0 101 0 $ager 135 $aurcnu|||||||| 181 $2rdacontent 182 $2rdamedia 183 $2rdacarrier 200 14$aDas Fremde im Parzival $eZum Text-Bild-Verha?ltnis in den Handschriften Cgm 19, Cod. AA 91 und Cpg 339 /$fvon Wiebke Ohlendorf 210 1$aBerlin, [Germany] ;$aBoston, [Massachusetts] :$cDe Gruyter,$d2017. 210 4$d©2017 215 $a1 online resource (302 pages) $cillustrations (some color) 225 1 $aQuellen und Forschungen zur Literatur- und Kulturgeschichte,$x0946-9419 ;$v89 (323) 311 $a3-11-054951-4 320 $aIncludes bibliographical references and index. 327 $tFrontmatter -- $tVorwort -- $tInhalt -- $tI. Einleitung -- $tII. Grundlagen -- $tIII. Analyseteil -- $tIV. Text und Bild als Symbiose - Ein Ausblick -- $tV. Literatur- und Abbildungsverzeichnis -- $tVI. Register -- $tVII. Abbildungen 330 $aDie interdisziplinäre Studie zum Text-Bild-Verhältnis geht der Frage nach, wie der Ausdruck der ,vremde' in den illuminierten Handschriften des Parzival Wolframs von Eschenbach konnotiert ist.Die sprachliche Untersuchung ausgewählter Textzeugen (Cgm 19, cpg 339 und Cod. AA 91) gibt Aufschluss über die Semantik der ,Fremde' zwischen der Mitte des 13. und der zweiten Hälfte des 15. Jh. Die Bildanalyse widmet sich den zeitgenössischen stereotypen Vorstellungen von ,vremde' und zeigt z.B. auf welche Weise Feirefiz als ,heide' dargestellt ist. Weiterhin wird erkennbar, wie bildgestalterische Mittel quasi rhetorisch zur visuellen Umsetzung mit den semantischen Teilbedeutungen der ,vremde' beitragen. Das reicht von inhaltlichen dargestellten Details - etwa wenn Cundrie einen Eberzahn erhält - bis hin zu formalen Gestaltungelementen wie Farbe oder Bildaufteilung. Die Untersuchung trägt zur Forschungdsdiskussion bebilderter Handschriften bei und plädiert für die Untersuchung eines Codex als Gesamtwerk. Textuelle und bildliche Inhalte sind für die Wahrnehmung und Interpretation durch den Betrachter ebenso relevant wie die Schrift, die Seitengestaltung und die gesamte Materialität. 410 0$aQuellen und Forschungen zur Literatur- und Kulturgeschichte ;$v89 (323) 606 $aArthurian romances$xHistory and criticism 606 $aGrail$xLegends$xHistory and criticism 610 $aText-image relationship. 610 $abook illumination. 610 $adepiction of the forgein. 610 $ahistorical semantics. 615 0$aArthurian romances$xHistory and criticism. 615 0$aGrail$xLegends$xHistory and criticism. 676 $a843/.1 686 $aLIT004170$2bisacsh 700 $aOhlendorf$b Wiebke$01570324 801 0$bMiAaPQ 801 1$bMiAaPQ 801 2$bMiAaPQ 906 $aBOOK 912 $a9910794996903321 996 $aDas Fremde im Parzival$93843878 997 $aUNINA LEADER 01634nam 2200373z- 450 001 9910714364503321 005 20240604134022.0 035 $a(CKB)5860000000021738 035 $a(BIP)026035099 035 $a(EXLCZ)995860000000021738 100 $a20240129c1999uuuu -u- - 101 0 $aeng 200 14$aThe Electronic Signatures in Global and National Commerce Act $ehearing before the Subcommittee on Telecommunications, Trade, and Consumer Protection of the Committee on Commerce, House of Representatives, One Hundred Sixth Congress, first session, on H.R. 1714, June 9, 1999 210 $cU.S. Government Printing Office$aWashington 215 $a1 online resource (iii, 62 p.) 311 $a0-16-058763-8 517 $aElectronic Signatures in Global and National Commerce Act 606 $aDigital signatures$xLaw and legislation$zUnited States 606 $aData encryption (Computer science)$xLaw and legislation$zUnited States 606 $aData protection$xLaw and legislation$zUnited States 606 $aElectronic commerce$xLaw and legislation$zUnited States 610 $aData encryption (computer science) 610 $aData protection 610 $aElectronic commerce 610 $aComputers 610 $aLaw 615 0$aDigital signatures$xLaw and legislation 615 0$aData encryption (Computer science)$xLaw and legislation 615 0$aData protection$xLaw and legislation 615 0$aElectronic commerce$xLaw and legislation 906 $aBOOK 912 $a9910714364503321 996 $aThe Electronic Signatures in Global and National Commerce Act$93266376 997 $aUNINA